Регионална библиотека "Любен Каравелов" - Русе

Седмочисленици (Почти чудо) | Естир (В нощта на пълната луна) (Запис номер 38107)

MARC детайли
000 -Лидер
Контролно поле с фиксирана дължина 01397nam a2200361 c 4500
003 - Код на организацията, давaща контролен номер
Контролно поле BLK
005 - Дата и час на последна редакция
Контролно поле 20220228115314.0
008 - Елементи от данни с фиксирана дължина
fixed length control field 180408b bul|||||r ||||||| ||bul||
010 ## - Наследен системен номер
LC control number KNG00041300000
020 ## - Международен стандартен номер на книга ISBN
Международен стандартен номер на книга ISBN 978-954-8633-04-8
040 ## - Източник на каталожния запис
Идентификатор на билиотеката - собственик на записа BLK
041 ## - Код за език
Код за езика на текст/звукозапис или на отделно заглавие Български
Код за езика КДБФ Български
072 #7 - Код за тематичната категория
Код организация bullib
Код за тематична категория Н84
Текст Българска художествена литература Н
072 #7 - Код за тематичната категория
Код организация bullib
Код за тематична категория РА
Текст Русенски автори
080 ## - УДК
Текстов определител УДК Българска литература
УДК код - определител по УДК 821.163.2
УДК определител -2
УДК - код + определител 821.163.2-2
100 1# - Редна дума - Автор
Автор Янева-Медникарова, Дора Стоянова
Авторска отговорност първи автор
R(LIN) 365173
139 ## - Редно поле
Редна дума Янева-Медникарова, Дора Стоянова
Авторски знак Яне - Я 54
245 10 - Сведения за заглавието
Заглавие Седмочисленици (Почти чудо)
Подзаглавни данни Ист. драма в 9 картини
Редно поле (дума) Дора Стоянова Янева-Медникарова.
245 10 - Сведения за заглавието
Заглавие Естир (В нощта на пълната луна)
Подзаглавни данни Пиеси
257 ## - Страна на издаване
Страна на създаване/издаване България
260 ## - Област на издателските данни
Име на издателя, разпространителя и проч. Gaiana Book Art Studio
Година на издаване 2010
300 ## - Физическа характеристика
Страници 136 с.
Размери/Мащаб 20 см
380 ## - Жанр
Жанр Худож. лит.
500 ## - Общи забележки
Забележка За автора.
653 ## - Ключова дума – ненормативна
Ключова дума драми
653 ## - Ключова дума – ненормативна
Ключова дума пиеси
659 ## - Тематичен бюлетин
Тематичен бюлетин Н
852 ## - Местоположение
Форматна сигнатура Цб 251774
852 ## - Местоположение
Форматна сигнатура К 821.163.2/Я 54 Д
856 4# - Електронен адрес и достъп
Електронен формат pdf - файл
856 4# - Електронен адрес и достъп
Електронен формат pdf - файл
999 ## - СИСТЕМНИ КОНТРОЛНИ НОМЕРА
Koha biblionumber 38107
Koha biblioitemnumber 38107
942 ## - АРТИКУЛИ
Вид на библиотечния материал Книги
Скрит в OPAC Не
Периодичен библиозапис Да
944 ## - СЪЗДАВАНЕ И РЕДАКЦИЯ на ЗАПИСА
Създаване/Редакция Създаване
Дата на регистрацията/редакция 27.05.2011
Статус, дата на статуса ф /
Служител, извършил регистрацията/редакцията Валя_Йорданова
944 ## - СЪЗДАВАНЕ И РЕДАКЦИЯ на ЗАПИСА
Създаване/Редакция Редакция
Дата на регистрацията/редакция 23.03.2012
Статус, дата на статуса ф /
999 ## - СИСТЕМНИ КОНТРОЛНИ НОМЕРА
Koha biblioitemnumber 38107
Наличности
Код за отписване Код за изгубен артикул Код за повреда Коз за рестрикции Код за отдаване Артикулен № Име на библиотеката - собственик Име на библиотеката, в която се намира в момента Статус (Текущо местоположение) Дата на вписване в системата Местоположение - отдел Цена в лева Инвентарен номер Систематично азбучна сигнатура Баркод Номер на екземпляра Цена в евро Служебна бележка Служебен тип на артикула Източник на класификационната схема
  Не е изгубен Не е повреден без рестрикции заемане за дома 59788 Регионална библиотека "Любен Каравелов" Русе Регионална библиотека "Любен Каравелов" Русе Заемна - подръчен фонд 2011-05-27 Заемна - подръчен фонд 5.00 120000750859 П 886.7-2/Я 54 120000750859 1 2.56 Дост: DA Вид: А N: 8 Дата: 27.05.2011 Дата инв: 14.02.2018 Бележки инв: П2018 Книги  
  Не е изгубен Не е повреден без рестрикции заемане за дома 59789 Регионална библиотека "Любен Каравелов" Русе Регионална библиотека "Любен Каравелов" Русе Заемна - подръчен фонд 2011-05-27 Заемна - подръчен фонд 5.00 120000750860 П 886.7-2/Я 54 120000750860 2 2.56 Дост: DA Вид: А N: 8 Дата: 27.05.2011 Дата инв: 14.02.2018 Бележки инв: П2018 Книги  
  Не е изгубен Не е повреден без рестрикции ползва се в читалня 59790 Регионална библиотека "Любен Каравелов" Русе Регионална библиотека "Любен Каравелов" Русе Краезнание 2011-05-27 Краезнание 5.00 120000750861 К 821.163.2/Я 54 Д 120000750861 3 2.56 Дост: DA Вид: А N: 8 Дата: 27.05.2011 Дата инв: 16.11.2017 Бележки инв: К2017 Книги Universal Decimal Classification
  Не е изгубен Не е повреден без рестрикции ползва се в читалня 59791 Регионална библиотека "Любен Каравелов" Русе Регионална библиотека "Любен Каравелов" Русе Хранилище 2012-03-23 Основен фонд - ползва се само за читалня 5.00 120000756592 Цб 251774 120000756592 4 2.56 Дост: DA Вид: А N: 5 Дата: 23.03.2012 Книги  
Vip Innovations Ltd, Rousse, Bulgaria 2025